Loading...
| Beliefs | 1 | 2 | 1 | 0 | 30 | 50 | 87.33 | 2 | 3 | 0.00 | 0.00 |
| Literature - British | 1 | 1 | 0 | 0 | 25 | 51 | 75.50 | 2 | 2 | 0.00 | 0.00 |
| Science - Chemistry | 1 | 1 | 0 | 0 | 25 | 64 | 94.50 | 1 | 2 | 0.00 | 0.00 |
| Fine Arts - Auditory | 1 | 1 | 1 | 0 | 20 | 77 | 80.50 | 2 | 2 | 0.00 | 0.00 |
| Science - Physics | 0 | 2 | 1 | 0 | 15 | 83 | 84.00 | 1 | 2 | 0.00 | 0.00 |
| Geography | 1 | 0 | 0 | 0 | 15 | 43 | 43.00 | 1 | 1 | 0.00 | 0.00 |
| Science - Biology | 1 | 0 | 0 | 0 | 15 | 65 | 65.00 | 1 | 1 | 0.00 | 0.00 |
| Philosophy | 0 | 1 | 0 | 0 | 10 | 116 | 116.00 | 0 | 1 | 0.00 | 0.00 |
| History - European | 0 | 1 | 0 | 1 | 10 | 126 | 126.00 | 0 | 1 | 0.00 | 0.00 |
| Other Science: Astronomy | 0 | 1 | 0 | 1 | 10 | 130 | 130.00 | 0 | 1 | 0.00 | 0.00 |
| Literature - American | 0 | 1 | 0 | 0 | 10 | 112 | 112.00 | 0 | 1 | 0.00 | 0.00 |
| Social Science | 0 | 1 | 0 | 0 | 10 | 69 | 69.00 | 1 | 1 | 0.00 | 0.00 |
| Fine Arts - Visual | 0 | 1 | 0 | 0 | 10 | 59 | 59.00 | 1 | 1 | 0.00 | 0.00 |
| History - World | 0 | 1 | 1 | 0 | 5 | 105 | 105.00 | 0 | 1 | 0.00 | 0.00 |
| 0 | 1 | 2 | 0 | 0 | 118 | 118.00 | 1 | 1 | 0.00 | 0.00 | |
| Literature - European | 0 | 0 | 1 | 0 | -5 | 0.00 | 0 | 0 | 0.00 | 0.00 |